[Event "Memorial Larsen"]
[Site "Treviglio"]
[Date "2010.09.25"]
[Round "1"]
[White "Catalano, Marcello"]
[Black "Rossetti, Dario"]
[WhiteElo "1700"]
[BlackElo "1440"]
[Result "1-0"]
[PlyCount "97"]
[EventDate "2010.??.??"]

1. d4 e6 2. c4 d6 3. Nc3 Nc6 4. e4 Nce7 5. Nf3 Ng6 6. Bd3 N8e7 7. O-O Nc6 8. d5
Nce5 9. Nxe5 dxe5 10. f4 exf4 11. Bxf4 Nxf4 12. Rxf4 Bd6 13. Rf1 e5 14. Be2 O-O
15. Bg4 a6 16. Na4 b6 17. Nc3 Qg5 18. Bxc8 Raxc8 19. Qe2 Bc5+ 20. Kh1 Bd4 21.
Rf3 f5 22. exf5 Rxf5 23. Rxf5 Qxf5 24. Rf1 Qg6 25. Qf3 c5 26. b3 Bxc3 27. Qxc3
e4 28. Qe3 Rf8 29. Rd1 Rd8 30. Kg1 a5 31. a3 Rd6 32. Re1 h6 33. Qxe4 Qxe4 34.
Rxe4 Kf7 35. Re3 b5 36. Kf2 Kf6 37. Re6+ Rxe6 38. dxe6 Kxe6 39. cxb5 Kd5 40.
Ke3 g6 41. Kd3 g5 42. a4 h5 43. g3 g4 44. Kc3 Ke4 45. b6 Kf3 46. b7 Kg2 47.
b8=Q Kxh2 48. Kd3 h4 49. gxh4+ 1-0

[Event "Memorial Larsen"]
[Site "Treviglio"]
[Date "2010.09.25"]
[Round "1"]
[White "Fiammetti, Gianluca"]
[Black "Menato, Nazario"]
[WhiteElo "1464"]
[BlackElo "1567"]
[Result "0-1"]
[PlyCount "66"]
[EventDate "2010.??.??"]

1. e4 c5 2. c4 Nc6 3. Nc3 d6 4. Nge2 e5 5. g3 Nf6 6. d3 Be7 7. Bg2 Bg4 8. O-O
O-O 9. Be3 Nd4 10. Bxd4 cxd4 11. Nd5 Rc8 12. f3 Nxd5 13. cxd5 Bd7 14. f4 f5 15.
fxe5 dxe5 16. Rc1 Bg5 17. Rxc8 Be3+ 18. Kh1 Bxc8 19. Qb3 Qd6 20. a4 b6 21. Qa2
Kh8 22. b3 Qb4 23. Qc2 h5 24. h4 Ba6 25. Nc1 Rc8 26. Qb1 f4 27. gxf4 Bxf4 28.
Ne2 Be3 29. Rf3 Qd2 30. Qf1 Bf4 31. Nxf4 exf4 32. Rxf4 Rc1 33. d6 Qxf4 0-1

[Event "Memorial Larsen"]
[Site "Treviglio"]
[Date "2010.09.25"]
[Round "1"]
[White "Maffeis, Fabio"]
[Black "Tedoldi, Guido"]
[WhiteElo "1440"]
[BlackElo "1678"]
[Result "0-1"]
[PlyCount "58"]
[EventDate "2010.??.??"]

1. e4 c5 2. c3 Nc6 3. d4 cxd4 4. cxd4 Nf6 5. Nc3 e6 6. Nf3 Bb4 7. e5 Nd5 8. Bd2
O-O 9. Bc4 Nxc3 10. bxc3 Ba5 11. Qc2 d5 12. Bd3 g6 13. O-O Rb8 14. Bh6 Re8 15.
Rab1 a6 16. Ng5 b5 17. a4 b4 18. c4 Nxd4 19. Qd2 dxc4 20. Qf4 Nf5 21. Bxf5 exf5
22. Qxc4 Re7 23. Rfd1 Qe8 24. Rd5 Bc7 25. Rbd1 Bb7 26. R5d2 Bxe5 27. Qd3 Bc3
28. Nf3 Bxd2 29. Qd4 Bxh6 0-1

[Event "Memorial Larsen"]
[Site "Treviglio"]
[Date "2010.09.25"]
[Round "1"]
[White "Marangoni, Roberto"]
[Black "Parolini, Marco"]
[WhiteElo "1440"]
[BlackElo "1440"]
[Result "1-0"]
[PlyCount "71"]
[EventDate "2010.??.??"]

1. e4 e5 2. Nf3 Nc6 3. Bb5 Nf6 4. O-O Nxe4 5. d4 a6 6. Bxc6 bxc6 7. Re1 d5 8.
Nxe5 Bd7 9. f3 Ng5 10. Nxc6+ Ne6 11. Nxd8 Rxd8 12. c4 c6 13. Bg5 f6 14. Bh4 Bb4
15. Re2 O-O 16. a3 Ba5 17. b4 Bc7 18. c5 Rfe8 19. Bf2 Nf4 20. Rxe8+ Rxe8 21.
Nc3 g5 22. Qa4 Nd3 23. Qxa6 Bf5 24. Qxc6 Re7 25. Nxd5 Bxh2+ 26. Kxh2 Re2 27.
Nxf6+ Kg7 28. Nh5+ Kf8 29. Qf6+ Ke8 30. Ng7+ Kd7 31. Qxf5+ Ke7 32. Qxd3 Rxf2
33. Re1+ Kf8 34. Qxh7 g4 35. Nf5 gxf3 36. Qg7# 1-0

[Event "Memorial Larsen"]
[Site "Treviglio"]
[Date "2010.09.25"]
[Round "1"]
[White "Ornaghi, Giovanni"]
[Black "Corna, Giovanni"]
[WhiteElo "1680"]
[BlackElo "1440"]
[Result "1-0"]
[PlyCount "85"]
[EventDate "2010.??.??"]

1. e4 e5 2. Nf3 Nc6 3. Bb5 Qf6 4. Nc3 Nge7 5. d3 a6 6. Ba4 d6 7. Nd5 Nxd5 8.
exd5 b5 9. dxc6 bxa4 10. Qd2 Rb8 11. Qa5 Rb6 12. Qxa4 Be7 13. Bg5 Qg6 14. Bxe7
Kxe7 15. Qh4+ f6 16. Qe4 Qxg2 17. Rg1 Qh3 18. Rxg7+ Kd8 19. Rg3 Qe6 20. b3 Qe8
21. Qh4 Ke7 22. Rg7+ Ke6 23. Rxh7 Rxh7 24. Qxh7 Rxc6 25. O-O-O Bb7 26. Nd4+ Kd5
27. Nxc6 Qxc6 28. Qe4+ Ke6 29. Qxc6 Bxc6 30. Rg1 Bd5 31. h4 Bf3 32. Kd2 Kf5 33.
Ke3 Bh5 34. b4 d5 35. d4 e4 36. Rg7 c6 37. Ra7 Bd1 38. Rxa6 Bxc2 39. Rxc6 Bb1
40. a4 Ba2 41. b5 Kg4 42. b6 Kxh4 43. b7 1-0

[Event "Memorial Larsen"]
[Site "Treviglio"]
[Date "2010.09.25"]
[Round "1"]
[White "Radaelli, Pietro"]
[Black "Acunzo, Domenico"]
[WhiteElo "1455"]
[BlackElo "1802"]
[Result "1/2-1/2"]
[PlyCount "59"]
[EventDate "2010.??.??"]

1. c4 e6 2. Nc3 f5 3. g3 Nf6 4. Bg2 d5 5. cxd5 exd5 6. d4 c6 7. Bg5 Be7 8. Nf3
O-O 9. O-O Nbd7 10. Rc1 Ne4 11. Bxe7 Qxe7 12. Nd2 Ndf6 13. f3 Ng5 14. Re1 Qe3+
15. Kh1 Qxd4 16. Nb3 Qxd1 17. Rcxd1 b6 18. e4 fxe4 19. fxe4 Ngxe4 20. Nxe4 Bf5
21. Nxf6+ Rxf6 22. Re7 Re6 23. Rxe6 Bxe6 24. Re1 Kf7 25. Nd4 Bd7 26. b4 Rc8 27.
Nb3 Kg6 28. Kg1 Rd8 29. Rc1 Re8 30. Kf2 1/2-1/2

[Event "Memorial Larsen"]
[Site "Treviglio"]
[Date "2010.09.25"]
[Round "1"]
[White "Vuckovic, Dimitrije"]
[Black "Paravella, Tiziano"]
[WhiteElo "1589"]
[BlackElo "1897"]
[Result "1/2-1/2"]
[PlyCount "101"]
[EventDate "2010.??.??"]

1. Nf3 c5 2. c4 g6 3. Nc3 Bg7 4. g3 Nc6 5. Bg2 d6 6. b3 Nf6 7. Bb2 O-O 8. d4 e5
9. dxe5 dxe5 10. O-O Bg4 11. Qc2 Bxf3 12. exf3 Nd4 13. Qd1 Qc7 14. Ne2 Rfe8 15.
Nxd4 exd4 16. Qd3 Re7 17. Rfe1 Rae8 18. Rxe7 Rxe7 19. f4 Qd7 20. h3 Qf5 21. Bf1
Qxd3 22. Bxd3 Ne8 23. Kf1 Nd6 24. Re1 Bf8 25. Rxe7 Bxe7 26. Ke2 f5 27. Kf3 Kf7
28. h4 Ke6 29. Bc1 a6 30. Bd2 b5 31. a3 Bd8 32. Be1 h5 33. Bd2 bxc4 34. bxc4
Nb7 35. a4 Bc7 36. Ke2 Kf6 37. Kf3 Nd8 38. Be1 Nc6 39. Ke2 Ke6 40. Bd2 Kd6 41.
f3 Bd8 42. Kd1 Nb4 43. Ke2 Bf6 44. Be1 Na2 45. Kd2 Ke6 46. Bb1 Nc3 47. Bc2 Bd8
48. Kd3 Na2 49. Ke2 Bf6 50. Bd2 Nc3+ 51. Kd3 1/2-1/2

[Event "Memorial Larsen"]
[Site "Treviglio"]
[Date "2010.10.02"]
[Round "2"]
[White "Acunzo, Domenico"]
[Black "Marangoni, Roberto"]
[WhiteElo "1802"]
[BlackElo "1440"]
[Result "1-0"]
[PlyCount "85"]
[EventDate "2010.??.??"]

1. e4 c5 2. Nf3 Nf6 3. Nc3 d6 4. d4 cxd4 5. Nxd4 e6 6. Be2 Be7 7. O-O a6 8. a4
Qc7 9. Be3 Nbd7 10. f4 b6 11. Bf3 Bb7 12. Nce2 Bxe4 13. c3 Nc5 14. Bxe4 Ncxe4
15. Qe1 Nd5 16. Ng3 Bh4 17. Bf2 Nxf2 18. Rxf2 O-O 19. Nf3 Be7 20. Nd4 Rae8 21.
Nxe6 Bf6 22. Nxc7 Rxe1+ 23. Rxe1 Nxc7 24. Rd2 Rd8 25. Ne4 Be7 26. Rde2 d5 27.
Nd2 Ne6 28. g3 g5 29. f5 Bc5+ 30. Kg2 Ng7 31. g4 d4 32. cxd4 Rxd4 33. h3 h5 34.
Nb3 Rxa4 35. Nxc5 bxc5 36. Re4 c4 37. Rc1 Rb4 38. Rc2 Kf8 39. Rexc4 Rxc4 40.
Rxc4 Ne8 41. Rc6 a5 42. Ra6 Kg7 43. Rxa5 1-0

[Event "Memorial Larsen"]
[Site "Treviglio"]
[Date "2010.10.06"]
[Round "2"]
[White "Bonora, Stefano"]
[Black "Vuckovic, Dimitrije"]
[WhiteElo "1440"]
[BlackElo "1589"]
[Result "1-0"]
[PlyCount "51"]
[EventDate "2010.??.??"]

1. e4 c5 2. Nc3 Nf6 3. f4 d6 4. Nf3 Nc6 5. Bc4 a6 6. a3 b5 7. Ba2 Bb7 8. O-O e5
9. d3 Be7 10. Qe1 Qb6 11. Be3 Ng4 12. Nd5 Qd8 13. Bd2 O-O 14. Qg3 Nf6 15. fxe5
dxe5 16. Bh6 Nh5 17. Qg4 g5 18. Bxf8 Bxf8 19. Nxg5 Bc8 20. Qf3 Nf4 21. Nxf4
Qxg5 22. Bxf7+ Kg7 23. Ne6+ Bxe6 24. Bxe6 Kh6 25. Bd5 Nd4 26. Qh3+ 1-0

[Event "Memorial Larsen"]
[Site "Treviglio"]
[Date "2010.10.06"]
[Round "2"]
[White "Corna, Giovanni"]
[Black "Maffeis, Fabio"]
[WhiteElo "1440"]
[BlackElo "1440"]
[Result "0-1"]
[PlyCount "68"]
[EventDate "2010.??.??"]

1. e4 e5 2. Nf3 Nc6 3. Bc4 Nf6 4. Nc3 d6 5. d3 Bg4 6. h3 Bh5 7. O-O Nd4 8. g4
Bg6 9. Bg5 d5 10. Nxd5 Be7 11. Nxe5 Nxd5 12. Bxd5 O-O 13. f4 Bxg5 14. fxg5 Qxg5
15. Nf3 Qe3+ 16. Kg2 c6 17. Bb3 Nxb3 18. axb3 Rad8 19. Rxa7 Qxa7 20. c4 Bxe4
21. d4 Rxd4 22. Qe2 Qa2 23. Kg3 Qxb3 24. Kh4 Bxf3 25. Rxf3 Qxc4 26. Qxc4 Rxc4
27. Rb3 b5 28. Kh5 Rb8 29. h4 Rc5+ 30. g5 Rc4 31. Rh3 Re8 32. b3 Rb4 33. Rh2
Ree4 34. Rd2 Rxh4# 0-1

[Event "Memorial Larsen"]
[Site "Treviglio"]
[Date "2010.10.02"]
[Round "2"]
[White "Menato, Nazario"]
[Black "Ornaghi, Giovanni"]
[WhiteElo "1567"]
[BlackElo "1680"]
[Result "0-1"]
[PlyCount "116"]
[EventDate "2010.??.??"]

1. Nf3 f5 2. d4 g6 3. g3 Bg7 4. Bg2 Nf6 5. O-O O-O 6. Re1 d6 7. Nc3 c6 8. a4
Qe8 9. b3 e5 10. dxe5 dxe5 11. e4 Nxe4 12. Nxe4 fxe4 13. Rxe4 Bf5 14. Rc4 Nd7
15. Ba3 e4 16. Nd4 Rf7 17. Nxf5 gxf5 18. Rb1 Nb6 19. Rb4 Bf8 20. Qh5 Nd5 21.
Rc4 Bxa3 22. Qg5+ Kh8 23. b4 Qe7 24. Qd2 Rd8 25. Rb3 Nf6 26. Qc3 Bc1 27. Qe1
Bh6 28. Bh3 Qd7 29. Rb1 Qd2 30. Qf1 e3 31. Re1 exf2+ 32. Qxf2 Qxf2+ 33. Kxf2
Ne4+ 34. Kg1 Ng5 35. Bg2 Rfd7 36. Rh4 Kg7 37. Rc4 Rd1 38. Kf1 Rxe1+ 39. Kxe1
Kf6 40. Ke2 Ne6 41. c3 Ke5 42. Rh4 Bd2 43. Rxh7 Bxc3 44. Rxb7 Rd2+ 45. Kf1 a5
46. b5 cxb5 47. Rxb5+ Kf6 48. h4 Ra2 49. Bh3 Rxa4 50. Rxf5+ Ke7 51. h5 Re4 52.
Kg2 a4 53. h6 a3 54. Rf3 a2 55. Rxc3 a1=Q 56. Rf3 Re2+ 57. Rf2 Rxf2+ 58. Kxf2
Ng5 0-1

[Event "Memorial Larsen"]
[Site "Treviglio"]
[Date "2010.10.06"]
[Round "2"]
[White "Paravella, Tiziano"]
[Black "Mandari, Gianfranco"]
[WhiteElo "1897"]
[BlackElo "1440"]
[Result "1-0"]
[PlyCount "91"]
[EventDate "2010.??.??"]

1. c4 g6 2. Nc3 e6 3. e4 d6 4. d4 c5 5. dxc5 dxc5 6. Qxd8+ Kxd8 7. Bg5+ f6 8.
O-O-O+ Ke8 9. Be3 Nc6 10. f4 Bh6 11. g3 e5 12. Nb5 Bg4 13. Nc7+ Kf7 14. Nxa8
Bxd1 15. Kxd1 Nge7 16. Nc7 Rd8+ 17. Nd5 b6 18. Ne2 Nb4 19. Nec3 a6 20. Kd2 a5
21. Bd3 g5 22. fxe5 fxe5 23. h4 Rg8 24. Rf1+ Ke8 25. Nf6+ Kf8 26. Nxg8+ Kxg8
27. Rf6 Bf8 28. Bxg5 Nbc6 29. Nd5 h6 30. Bxh6 Bxh6+ 31. Rxh6 Kg7 32. Nxe7 Kxh6
33. Nxc6 Kh5 34. Be2+ Kh6 35. Nxe5 Kg7 36. g4 Kf6 37. Nd7+ Ke6 38. h5 Kf7 39.
g5 Kg7 40. Bg4 a4 41. Bf5 Kf7 42. Ne5+ Kg7 43. h6+ Kf8 44. g6 Kg8 45. h7+ Kg7
46. Nf7 1-0

[Event "Memorial Larsen"]
[Site "Treviglio"]
[Date "2010.10.06"]
[Round "2"]
[White "Parolini, Marco"]
[Black "Fiammetti, Gianluca"]
[WhiteElo "1440"]
[BlackElo "1464"]
[Result "0-1"]
[PlyCount "74"]
[EventDate "2010.??.??"]

1. e4 d5 2. exd5 Qxd5 3. Nc3 Qa5 4. Nf3 Nf6 5. Bd3 Bg4 6. O-O c6 7. h3 Bh5 8.
Be2 Bg6 9. d3 e6 10. Bd2 Qc7 11. Nh4 Be7 12. Nxg6 hxg6 13. Bg5 Nbd7 14. Qd2
O-O-O 15. Qe3 Kb8 16. b4 Nb6 17. b5 Nfd5 18. Qd2 Bxg5 19. Qxg5 Nxc3 20. Rfe1
Nxe2+ 21. Rxe2 Rd5 22. Qg3 Qxg3 23. fxg3 Rxb5 24. a4 Ra5 25. Re4 Nd5 26. Re5 b6
27. Rf1 Nf6 28. Ree1 Rxa4 29. Rc1 Rf8 30. c4 Ra3 31. c5 b5 32. Rfd1 a5 33. Ra1
Rxa1 34. Rxa1 a4 35. d4 Rd8 36. Rd1 Nd5 37. h4 a3 0-1

[Event "Memorial Larsen"]
[Site "Treviglio"]
[Date "2010.10.06"]
[Round "2"]
[White "Rossetti, Dario"]
[Black "Radaelli, Pietro"]
[WhiteElo "1440"]
[BlackElo "1455"]
[Result "0-1"]
[PlyCount "72"]
[EventDate "2010.??.??"]

1. e4 e5 2. Nf3 d6 3. Be2 Nc6 4. O-O Nf6 5. Nc3 Be7 6. d3 O-O 7. Be3 d5 8. d4
dxe4 9. Nd2 exd4 10. Ncxe4 Nxe4 11. Nxe4 dxe3 12. Qxd8 exf2+ 13. Rxf2 Rxd8 14.
Bc4 Ne5 15. Bb3 Kf8 16. Raf1 f6 17. Kh1 b6 18. Ng5 h6 19. Be6 hxg5 20. Bb3 Ba6
21. Rc1 Rd6 22. h3 Rad8 23. Kh2 Rd2 24. Rxd2 Rxd2 25. a3 Bd6 26. Kg1 Bb7 27.
Ba2 Rxg2+ 28. Kf1 Rh2 29. Re1 Nf3 30. Re3 Ba6+ 31. c4 Bxc4+ 32. Bxc4 Nd2+ 33.
Ke1 Nxc4 34. Rb3 Rxb2 35. Rxb2 Nxb2 36. Kd2 Nc4+ 0-1

[Event "Memorial Larsen"]
[Site "Treviglio"]
[Date "2010.10.02"]
[Round "2"]
[White "Tedoldi, Guido"]
[Black "Catalano, Marcello"]
[WhiteElo "1678"]
[BlackElo "1700"]
[Result "0-1"]
[PlyCount "58"]
[EventDate "2010.??.??"]

1. c4 Nf6 2. Nc3 e6 3. e4 Nc6 4. Nf3 d5 5. cxd5 exd5 6. exd5 Nxd5 7. Bb5 Nxc3
8. bxc3 Qe7+ 9. Qe2 Bd7 10. d4 f6 11. Qxe7+ Bxe7 12. d5 Nb8 13. Bc4 c6 14. O-O
cxd5 15. Bxd5 Bc6 16. c4 Bxd5 17. cxd5 Kf7 18. Bf4 Rd8 19. Rad1 Bd6 20. Bxd6
Rxd6 21. Rfe1 Na6 22. Rd4 Rad8 23. g4 Rxd5 24. Rde4 R8d7 25. R1e2 b5 26. Kg2
Nc5 27. Rf4 Nd3 28. Rf5 Rxf5 29. gxf5 Nf4+ 0-1

[Event "Memorial Larsen"]
[Site "Treviglio"]
[Date "2010.10.13"]
[Round "3"]
[White "Bonora, Stefano"]
[Black "Acunzo, Domenico"]
[WhiteElo "1440"]
[BlackElo "1802"]
[Result "0-1"]
[PlyCount "112"]
[EventDate "2010.??.??"]

1. e4 e6 2. d4 d5 3. exd5 exd5 4. Nf3 Nf6 5. Nc3 c6 6. Bd3 Bd6 7. O-O O-O 8.
Bd2 Re8 9. Ne2 Bg4 10. Ng3 Qc7 11. Bg5 Nbd7 12. c4 Ne4 13. Bh4 g5 14. Re1 gxh4
15. Nxe4 dxe4 16. Bxe4 Nf6 17. Qd3 Nxe4 18. Rxe4 f5 19. Rxe8+ Rxe8 20. c5 Bf8
21. Nxh4 Qe7 22. f3 Qxh4 23. fxg4 Re1+ 24. Rxe1 Qxe1+ 25. Qf1 Qxf1+ 26. Kxf1
fxg4 27. Kf2 Bg7 28. Ke3 Kf7 29. Ke4 Ke6 30. b4 h5 31. a4 Bh6 32. b5 Bd2 33. h3
gxh3 34. gxh3 h4 35. Kd3 Ba5 36. Ke4 Be1 37. Kd3 Kd5 38. Ke2 Ba5 39. Kd3 Bb4
40. Ke3 Bc3 41. a5 Bxd4+ 42. Kf4 Bxc5 43. bxc6 Kxc6 44. Kg4 Be7 45. Kf3 Kb5 46.
Ke2 Kxa5 47. Kd2 b5 48. Kc2 b4 49. Kb3 Kb5 50. Kb2 a5 51. Ka2 a4 52. Kb2 a3+
53. Kb3 Kc5 54. Ka2 Kc4 55. Ka1 Kb3 56. Kb1 a2+ 0-1

[Event "Memorial Larsen"]
[Site "Treviglio"]
[Date "2010.10.13"]
[Round "3"]
[White "Fiammetti, Gianluca"]
[Black "Tedoldi, Guido"]
[WhiteElo "1464"]
[BlackElo "1678"]
[Result "1-0"]
[PlyCount "120"]
[EventDate "2010.??.??"]

1. e4 c5 2. c4 e5 3. Nc3 Nf6 4. d3 Nc6 5. g3 d6 6. Be3 Be7 7. Bg2 O-O 8. Nge2
Rb8 9. O-O Bg4 10. Qd2 Qd7 11. Nd5 Nxd5 12. cxd5 Nd4 13. Bxd4 cxd4 14. f4 exf4
15. Nxf4 Bg5 16. Qb4 Bf6 17. h3 g5 18. hxg4 gxf4 19. Rxf4 Be5 20. Rf5 f6 21.
Qe1 Rbc8 22. Qf2 Qg7 23. Bh3 Qh6 24. Kg2 Qe3 25. Qxe3 dxe3 26. Kf3 Bxb2 27. Re1
Bd4 28. Rxe3 Bxe3 29. Kxe3 b5 30. g5 Rc2 31. gxf6 Rh2 32. Bg4 Rh6 33. Rg5+ Kh8
34. e5 dxe5 35. Rxe5 Rhxf6 36. d6 Rxd6 37. Rxb5 Rfd8 38. Bf5 a6 39. Rb7 Rh6 40.
g4 Kg8 41. Ra7 Rh2 42. Rxa6 Kg7 43. a4 Rb8 44. Ra7+ Kh8 45. a5 Re8+ 46. Be4 Rh6
47. a6 Rhe6 48. Rxh7+ Kg8 49. Ra7 R6e7 50. Rb7 Rxb7 51. axb7 Kg7 52. Kd4 Kf6
53. Kc5 Kg5 54. Kb6 Kxg4 55. Ka7 Re7 56. Ka8 Re8+ 57. b8=Q Rxb8+ 58. Kxb8 Kf4
59. Kc7 Ke5 60. Kc6 Kd4 1-0

[Event "Memorial Larsen"]
[Site "Treviglio"]
[Date "2010.10.13"]
[Round "3"]
[White "Maffeis, Fabio"]
[Black "Marangoni, Roberto"]
[WhiteElo "1440"]
[BlackElo "1440"]
[Result "0-1"]
[PlyCount "94"]
[EventDate "2010.??.??"]

1. e4 c5 2. c3 d6 3. Nf3 Nf6 4. d4 cxd4 5. cxd4 Nxe4 6. Nc3 Qa5 7. Bd2 Nxd2 8.
Qxd2 a6 9. Bc4 e6 10. O-O Be7 11. d5 O-O 12. dxe6 fxe6 13. Qe3 Kh8 14. Bxe6 Nc6
15. Bxc8 Raxc8 16. Nd4 Rce8 17. Rae1 Nxd4 18. Qxd4 Qd8 19. Qd5 Qd7 20. Re3 Bf6
21. Rh3 Be5 22. Rd1 Rf5 23. Qd3 h6 24. Nd5 Ref8 25. Re3 Rxf2 26. Nc3 Qc6 27.
Qe4 Rxb2 28. Qxc6 bxc6 29. Rb1 Bxc3 30. Rxb2 Bxb2 31. Re1 Bd4+ 32. Kh1 Be5 33.
g3 c5 34. Rc1 Rc8 35. Kg2 Rf8 36. Rb1 c4 37. Rb6 c3 38. Rc6 Kg8 39. Rc7 Rf7 40.
Rc8+ Kh7 41. Rc6 d5 42. Rc5 Rf5 43. Rc6 d4 44. g4 Rf4 45. h3 d3 46. Re6 d2 47.
Rxe5 d1=Q 0-1

[Event "Memorial Larsen"]
[Site "Treviglio"]
[Date "2010.10.13"]
[Round "3"]
[White "Mandari, Gianfranco"]
[Black "Corna, Giovanni"]
[WhiteElo "1440"]
[BlackElo "1440"]
[Result "0-1"]
[PlyCount "106"]
[EventDate "2010.??.??"]

1. e4 e5 2. Nf3 Nc6 3. Nc3 Nf6 4. g3 Bb4 5. Bg2 d6 6. h3 Bxc3 7. dxc3 Nxe4 8.
Qd5 Bf5 9. Qb5 Qb8 10. Nh4 a6 11. Qd5 Nf6 12. Qb3 Be4 13. Bg5 Bxg2 14. Nxg2 Ne4
15. Be3 O-O 16. O-O-O h6 17. f3 Nxg3 18. Rhe1 b5 19. Nh4 Qc8 20. Bf2 Qxh3 21.
Ng6 Na5 22. Qd5 c6 23. Ne7+ Kh8 24. Nxc6 Nc4 25. Bxg3 Qxg3 26. Rg1 Qf4+ 27. Kb1
Ne3 28. Qd2 Nxd1 29. Qxf4 exf4 30. Rxd1 Rfe8 31. b3 Re2 32. Rxd6 Re1+ 33. Kb2
Rf1 34. Ne5 Ra7 35. c4 bxc4 36. Kc3 Rf2 37. bxc4 Re7 38. Rd8+ Kh7 39. Rd2 Rxd2
40. Kxd2 Rxe5 41. Kd3 Ra5 42. Ke4 g5 43. c3 Rxa2 44. c5 Re2+ 45. Kd4 a5 46. c6
Rd2+ 47. Kc4 Rd8 48. Kc5 Rc8 49. Kb6 a4 50. Kb7 Rxc6 51. Kxc6 a3 52. c4 a2 53.
c5 a1=Q 0-1

[Event "Memorial Larsen"]
[Site "Treviglio"]
[Date "2010.10.13"]
[Round "3"]
[White "Ornaghi, Giovanni"]
[Black "Catalano, Marcello"]
[WhiteElo "1680"]
[BlackElo "1700"]
[Result "0-1"]
[PlyCount "146"]
[EventDate "2010.??.??"]

1. e4 Nf6 2. e5 Nd5 3. c4 Nb6 4. d4 d6 5. f4 dxe5 6. fxe5 Nc6 7. Be3 Bf5 8. Nf3
({La mossa del testo è perfettamente giocabile, ma la teoria consiglia a
questo punto} 8. Nc3 e6 9. Nf3 {seguita, dopo l'eventuale} Be7 {,
dall'immediata spinta di sfondamento centrale} 10. d5) 8... e6 9. Be2 {Dopo 9.
Cf3 era ancora possibile rientrare nella variante vista sopra.} Bg4 ({Questo
riposizionamento dell'Alfiere non mi convince. Avrei preferito la più
aggressiva} 9... Nb4) ({oppure} 9... Qd7 {che rende possibile l'arrocco lungo.}
) 10. Nc3 Bxf3 11. gxf3 Qd7 ({Seguendo le prudenti orme di Vaganjan che fu il
primo (nel 1993 contro Van der Wiel) a giocare Dd7 in questa posizione. Strano
che Catalano non abbia optato per l'effervescente} 11... Qh4+ 12. Bf2 Qh3 13.
c5 {come avvenne nella;Timman,J (2655)-Piket,J (2633)/Dordrecht blitz 2000 (8.
2)/0-1}) ({Pare interessante anche} 11... Bb4) 12. c5 {Ornaghi ci regala una
novità abbastanza interessante.} ({Va comunque sottolineato il fatto che le
complicazioni derivanti da} 12. Qd3 Nb4 13. Qe4 {sembrano favorire il Bianco.})
12... Nd5 13. Bf2 Rd8 14. Qd2 Be7 ({Con} 14... Nxc3 15. bxc3 Bxc5 {il Nero
avrebbe guadagnato un pedone in una posizione difficile da decifrare.}) 15. Rg1
g6 16. Bb5 ({Dopo} 16. O-O-O {l'iniziativa sarebbe stata tutta dalla parte del
Bianco.}) 16... a6 17. Ba4 b5 18. cxb6 Nxb6 19. Bxc6 Qxc6 20. Ke2 {Non è
facile dare buoni consigli al Bianco in questa posizione, ma la mossa del
testo pare quanto meno azzardata. Si poteva forse puntare su Dd3 o su Ce4.} Nc4
({Catalano opta per uno spuntato salto di Cavallo che offre al suo avversario
la possibilità di rattoppare la posizione. Si poteva proseguire invece con più
coraggio giocando la modesta spinta} 20... f6 {poiché il seguito} 21. exf6 Bxf6
22. Rac1 O-O {pare ancora pendere dalla parte del Nero.}) 21. Qc2 Rb8 22. Rab1
(22. b3 {è altrettanto buona se non addirittura meglio}) 22... O-O 23. h4 ({
Ornaghi cerca di portare un immediato attacco al Re avversario, ma a questo
punto era forse meglio proporre il cambio delle donne con} 23. Qa4) 23... Rfd8
24. h5 Bf8 ({Perché scartare la più semplice} 24... Nxb2 25. Rxb2 (25. hxg6)
25... Qc4+ 26. Ke1 Rxb2 27. Qxb2 Bb4 {e il Bianco è in grossi guai}) 25. hxg6
fxg6 26. Ne4 ({Ornaghi pensa di poter davvero far male sul lato di re
avversario. Per mantenere l'equilibrio si dovevano giocare mosse come} 26. Rgc1
) ({Ornaghi rifiuta la comoda patta che scaturiva da} 26. Rxg6+ hxg6 27. Qxg6+
Bg7 28. Ne4 Rxb2+ 29. Rxb2 Nxb2 30. Nf6+ Kf8 31. Nh7+ Kg8 32. Nf6+) 26... Nxe5
27. Nf6+ ({Un errore inspiegabile. Si doveva giocare} 27. Qxc6 Nxc6 28. Rgc1
Nxd4+ 29. Bxd4 Rxd4 30. Rxc7 {e il Nero deve ancora sudarsela tutta}) 27... Kg7
28. Nh5+ Kf7 29. Qxc6 Nxc6 30. Rgc1 Nxd4+ 31. Bxd4 Rxd4 32. Rxc7+ Be7 {Ciò che
rende questa posizione cattiva per il Bianco rispetto alla variante analizzata
in precedenza, è la pessima posizione del Cavallo che deve perdere tempi per
riconquistare una funzione attiva al centro della scacchiera} 33. Ng3 Rdb4 (
33... Ra4 {, che guadagna un secondo pedone, avrebbe impietosamente
sottolineato la precarietà della posizione bianca}) 34. b3 R4b7 35. Rc6 Rb6 36.
Rc7 R8b7 37. Rc8 Rd6 38. Ne4 Rd5 39. Rh1 Kg7 40. Rhc1 h5 {la massa pedonale
nera a est si mette in movimento, ma il Bianco conserva ottime chances di patta
} 41. R1c6 Ra5 42. Rc2 h4 43. Kf2 Rd7 44. R8c6 Kf7 45. Nd2 ({il Cavallo stava
bene dove stava. Meglio} 45. Kg2) 45... g5 ({Strano che un tattico come
Catalano non abbia scelto una mossa come} 45... Rc5 {Il tratto del testo offre
a Ornaghi un'ottima possibilità di patta}) 46. Nc4 Rf5 47. Re2 ({Brutta mossa.
Si doveva giocare} 47. Kg2) 47... Kf8 ({Ma il Nero non approfitta del regalo.
Come avrebbe potuto cavarsela il Bianco messo di fronte all'immediata} 47... g4
) 48. Rcxe6 (48. Kg2 {neutralizza l'efficacia della spinta nera in g4. Ora
Ornaghi comincia a perdersi.}) 48... g4 49. Ne5 Bc5+ 50. Kg2 ({L'errore che
perde la partita. Si doveva assolutamente giocare} 50. Ke1) 50... gxf3+ 51. Kh3
(51. Nxf3 Rg7+ 52. Ng5 Rfxg5+) 51... Rg7 {non è la migliore, ma ormai Catalano
ha la vittoria in tasca.} 52. Rd2 Kg8 53. Rd8+ ({L'ultimo errore.} 53. Re8+ Kh7
(53... Bf8 $2 54. Rf2 {e nelle stanze del Bianco comincia di nuovo ad
affacciarsi il sole}) 54. Rdd8 {avrebbe resistito di più}) 53... Bf8 54. Nxf3
Rxf3+ 55. Kxh4 {ora c'è un matto forzato che però Catalano non si prende la
briga di calcolare.} (55. Kh2) 55... Rf2 ({Il matto parte con} 55... Rf1) 56.
Kh3 Rxa2 57. Rf6 Rf7 58. Rxf7 Kxf7 59. Rd3 a5 60. Kg4 Rf2 61. Rd5 Bb4 62. Rf5+
Rxf5 63. Kxf5 Ke7 64. Ke5 Kd7 65. Kd5 Kc7 66. Ke5 Kc6 67. Kd4 Kb5 68. Kd3 Kc5
69. Ke4 Be1 70. Kd3 Kb4 71. Kc2 Bc3 72. Kb1 Kxb3 73. Kc1 a4 0-1

[Event "Memorial Larsen"]
[Site "Treviglio"]
[Date "2010.10.13"]
[Round "3"]
[White "Radaelli, Pietro"]
[Black "Paravella, Tiziano"]
[WhiteElo "1455"]
[BlackElo "1897"]
[Result "0-1"]
[PlyCount "56"]
[EventDate "2010.??.??"]

1. e4 Nf6 2. e5 Nd5 3. c4 Nb6 4. d4 d6 5. f4 dxe5 6. fxe5 c5 7. d5 e6 8. Nc3
exd5 9. cxd5 c4 10. Be3 Bb4 11. Nge2 Qxd5 12. Qxd5 Nxd5 13. Bd4 Nc6 14. O-O-O
Nxc3 15. bxc3 Ba3+ 16. Kc2 Bf5+ 17. Kd2 Rd8 18. Ke3 O-O 19. Ng3 Be6 20. Be2
Rfe8 21. Rhf1 Bd5 22. Bf3 Bxf3 23. gxf3 Nxe5 24. Bxe5 Rxe5+ 25. Kf4 Red5 26.
Rxd5 Rxd5 27. Ne4 f5 28. Ng3 Bd6+ 0-1